000 00431nam a2200181Ia 4500
005 20260618124320.0
008 131103s9999 xx 000 0 und d
040 _aLoreto College
041 _aEnglish
082 _a230
_bMCN
100 _aMcnabb, Vincent
245 _aThoughts twice - Dyed
_cVincent Mcnabb
260 _aLondon
_bSheed
_c1930
300 _a85p.
650 _aChristianity
850 _aLCLIB
942 _cBK
999 _c24574
_d75053